<?xml version="1.0" encoding="UTF-8"?>
<record
    xmlns:xsi="http://www.w3.org/2001/XMLSchema-instance"
    xsi:schemaLocation="http://www.loc.gov/MARC21/slim http://www.loc.gov/standards/marcxml/schema/MARC21slim.xsd"
    xmlns="http://www.loc.gov/MARC21/slim">

  <leader>00641nam  22001933  4500</leader>
  <controlfield tag="001">202082</controlfield>
  <datafield tag="010" ind1=" " ind2=" ">
    <subfield code="a">85-7307-468-X</subfield>
  </datafield>
  <datafield tag="090" ind1=" " ind2=" ">
    <subfield code="a">202082</subfield>
  </datafield>
  <datafield tag="100" ind1=" " ind2=" ">
    <subfield code="a">20260508d        u||y0pory50      ba</subfield>
  </datafield>
  <datafield tag="200" ind1=" " ind2=" ">
    <subfield code="a">Ci&#xEA;ncia da flexibilidade</subfield>
    <subfield code="f">Michael J. Alter</subfield>
    <subfield code="g">tradu&#xE7;&#xE3;o Maria da Gra&#xE7;a Figueir&#xF3; da Silva</subfield>
  </datafield>
  <datafield tag="205" ind1=" " ind2=" ">
    <subfield code="a">2&#xAA;</subfield>
  </datafield>
  <datafield tag="210" ind1=" " ind2=" ">
    <subfield code="a">Porto Alegre</subfield>
    <subfield code="c">Artes M&#xE9;dicas Sul</subfield>
    <subfield code="d">1999</subfield>
  </datafield>
  <datafield tag="215" ind1=" " ind2=" ">
    <subfield code="a">365 p.</subfield>
    <subfield code="c">brochado</subfield>
    <subfield code="d">28 cm</subfield>
  </datafield>
  <datafield tag="606" ind1=" " ind2=" ">
    <subfield code="9">14416</subfield>
    <subfield code="a">Divertimentos p&#xFA;blicos. Espet&#xE1;culos. Cinema.Teatro. Dan&#xE7;a. Jogos de mesa. Desportos</subfield>
  </datafield>
  <datafield tag="675" ind1=" " ind2=" ">
    <subfield code="a">79</subfield>
    <subfield code="v">PT</subfield>
    <subfield code="z">por</subfield>
  </datafield>
  <datafield tag="700" ind1=" " ind2=" ">
    <subfield code="9">17264</subfield>
    <subfield code="a">Alter</subfield>
    <subfield code="b">Micahael J.</subfield>
  </datafield>
  <datafield tag="801" ind1=" " ind2=" ">
    <subfield code="a">PT</subfield>
    <subfield code="b">BMMN</subfield>
    <subfield code="g">RPC</subfield>
  </datafield>
  <datafield tag="830" ind1=" " ind2=" ">
    <subfield code="c">Fernando</subfield>
    <subfield code="f">Fernando</subfield>
  </datafield>
  <datafield tag="990" ind1=" " ind2=" ">
    <subfield code="c">LIVROS</subfield>
  </datafield>
  <datafield tag="995" ind1=" " ind2=" ">
    <subfield code="0">0</subfield>
    <subfield code="2">0</subfield>
    <subfield code="5">2026-05-08</subfield>
    <subfield code="9">31778</subfield>
    <subfield code="b">BMMN</subfield>
    <subfield code="f">31498</subfield>
    <subfield code="k">79 ALT|DEP</subfield>
    <subfield code="o">0</subfield>
    <subfield code="r">LIVROS</subfield>
    <subfield code="s">Compra</subfield>
  </datafield>
</record>
